000 00501nam a2200157Ia 4500
008 090711s9999 xx 000 0 und d
082 _b37823
100 _aभावे पुरुषोत्तम भा.
245 _aदेव्हारा
260 _c1977
600 _aभावे पुरुषोत्तम भा.
630 _aदेव्हारा
700 _aभावे पुरुषोत्तम भा.
730 _aदेव्हारा
942 _cBOOK
999 _c320801
_d320801